A viszkozitás hatása kenőcsök, krémek, gélek és emulziók gyógyszerleadására [Influence of viscosity on drug release from ointments, creams, gels and emulsion]

The authors studied the drug release from high number of water-free ointments, creams, emulsions and hydrogels. They targeted to find correlation between the viscosity of these pharmaceutical forms and their drug release. Neutral oil was the lipophilic phase of emulsions, the emulsifiers were from T...

Teljes leírás

Elmentve itt :
Bibliográfiai részletek
Szerzők: Erős István
Csányi Erzsébet
Selmeczi Béla
Dokumentumtípus: Cikk
Megjelent: 1994
Sorozat:ACTA PHARMACEUTICA HUNGARICA 64 No. 2
Tárgyszavak:
mtmt:2044102
Online Access:http://publicatio.bibl.u-szeged.hu/32023
LEADER 02211nab a2200241 i 4500
001 publ32023
005 20250313131011.0
008 250313s1994 hu o 000 hun d
022 |a 0001-6659 
024 7 |a 2044102  |2 mtmt 
040 |a SZTE Publicatio Repozitórium  |b hun 
041 |a hun 
100 1 |a Erős István 
245 1 2 |a A viszkozitás hatása kenőcsök, krémek, gélek és emulziók gyógyszerleadására [Influence of viscosity on drug release from ointments, creams, gels and emulsion]  |h [elektronikus dokumentum] /  |c  Erős István 
260 |c 1994 
300 |a 57-61 
490 0 |a ACTA PHARMACEUTICA HUNGARICA  |v 64 No. 2 
520 3 |a The authors studied the drug release from high number of water-free ointments, creams, emulsions and hydrogels. They targeted to find correlation between the viscosity of these pharmaceutical forms and their drug release. Neutral oil was the lipophilic phase of emulsions, the emulsifiers were from Tween and Tagat series. The creams tested consisted of ESMA ointment, Teginacid and/or Softisan emulsifiers and water in 60-80 w/w%. The drug release from Eudispert, methyl-cellulose and hydroxy-ethylcellulose gels was studied. The applied active ingredients were as follows: griseofulvin, sulfadimidine, salicylic acid and ephedrine hydrochloride. Relevant literature suggest a reciprocal correlation between the viscosity of ointments and the quantity of the released drugs. The authors confirmed the general validity of this correlation in case of the following preconditions: if the solubility and distribution of drug do not change along with the change of viscosity there is reciprocal ratio between viscosity and the quantity of drug released. This reciprocal correlation prevails only in a small range of viscosity, that is in systems resembling Newton's liquids. In cases of ointments and gels of higher viscosity a reciprocal relationship exists between the logarithm of viscosity and the quantity of drugs released. 
650 4 |a Általános orvostudomány 
650 4 |a Klinikai orvostan 
700 0 1 |a Csányi Erzsébet  |e aut 
700 0 1 |a Selmeczi Béla  |e aut 
856 4 0 |u http://publicatio.bibl.u-szeged.hu/32023/1/aok_klny_346_94.pdf  |z Dokumentum-elérés